[Event "3rd Kolkata GM Open 2018"]
[Site "Kolkata"]
[Date "2018.05.18"]
[Round "5"]
[White "Prasad, Devaki V"]
[Black "Harsha Bharathakoti"]
[Result "0-1"]
[WhiteElo "2284"]
[BlackElo "2463"]
[Annotator "TA"]
[PlyCount "116"]
[EventDate "2018.??.??"]
[EventType "swiss"]
[EventCountry "IND"]
[SourceTitle "playchess.com"]
[Source "ChessBase"]
[SourceQuality "1"]

{[%evp 23,116,6,8,0,9,21,18,0,0,0,14,17,23,29,36,11,22,30,42,39,38,32,56,25,37,22,20,0,0,0,0,0,0,-3,8,-3,-3,-9,-6,-14,-6,-14,-14,-5,-13,-30,-25,-25,-22,-48,0,0,0,0,0,-8,0,-144,-150,-138,-148,-140,-137,-263,-229,-312,-300,-308,-323,-329,-322,-397,-360,-287,-313,-374,-363,-356,-318,-733,-727,-656,-581,-715,-649,-841,-835,-3041,-1681,-29981,-29968,-29984,-29985,-29984,-29972]} 1. e4 c5 2. Nf3 d6 3. d4 cxd4 4. Nxd4 Nf6 5. Nc3 a6 6. Be2 e5 7. Nf3 Be7 8. Bg5 Be6 {B92: Sizilianisch (Najdorf-Variante mit 6.Le2)} 9. Bxf6 Bxf6 10. O-O Be7 11. Nd5 Nd7 12. Bc4 Rc8 {LiveBook: 4 Partien} 13. Qe2 Nb6 14. Nxb6 Qxb6 15. Bb3 O-O {[#]} 16. h3 $146 ({Vorgänger:} 16. Rfd1) 16... Bxb3 17. axb3 f5 18. exf5 Rxf5 19. Qe4 Rf4 20. Qd5+ Kf8 21. c3 Rc5 22. Qd1 Qc6 23. b4 Rd5 24. Qe2 (24. Qc1 {feels hotter.} Kg8 25. Nd4 Qd7 26. Nc2 Rf7 27. Ne3) 24... Qc4 25. Rfe1 (25. Qc2 {is more complex.} Qe4 26. Qa4 Rd3 27. Ne1 Rd2 28. Rd1) 25... Qxe2 26. Rxe2 Bd8 27. Nd2 Ke7 28. g3 Rf8 29. Kg2 Kd7 30. Nc4 Bc7 31. Ne3 Rd3 32. c4 $1 Bb6 33. c5 dxc5 34. Nc4 Bc7 35. bxc5 Kc6 36. b4 ({Doch nicht} 36. Nxe5+ Bxe5 37. Rxe5 Rd2 $17) 36... Rd4 37. Rc1 Kd5 38. Ne3+ Kc6 39. Nc4 e4 40. Nd2 (40. Rb2 $11 {bleibt in der Remisbreite.}) 40... Rxb4 $17 41. Nxe4 {[#]} Re8 $1 $36 {[%cal Re8e4][%mdl 2048] Schwarz ist am Drücker.} 42. f3 {[#]} a5 $1 {[%cal Ba6a5,Ba5a4][%mdl 32]} 43. Rd2 (43. Rc3 $17) 43... a4 $19 44. Ra1 Ra8 45. Rd3 Be5 46. Raa3 Bd4 47. Rd1 Rb2+ 48. Kf1 Bxc5 49. Rc3 b6 50. Rd6+ Kb5 51. Rd5 $2 (51. Nxc5 bxc5 52. Rd5) 51... Kb4 52. Rc1 Ra5 53. Nd2 Ra7 54. Ke1 a3 55. Nc4 Rg2 56. Ne5 Rg1+ {Schwarz setzt Matt.} 57. Kd2 Rxc1 58. Nd3+ Kc4 {Precision: Weiß = 38%, Schwarz = 83%.} 0-1

[Event "3rd Kolkata GM Open 2018"]
[Site "Kolkata"]
[Date "2018.05.18"]
[Round "5"]
[White "Kushagra Mohan"]
[Black "Khusenkhojaev, Muhammad"]
[Result "1/2-1/2"]
[WhiteElo "2256"]
[BlackElo "2456"]
[Annotator "TA"]
[PlyCount "61"]
[EventDate "2018.??.??"]
[EventType "swiss"]
[EventCountry "IND"]
[SourceTitle "playchess.com"]
[Source "ChessBase"]
[SourceQuality "1"]

{[%evp 19,61,0,0,-6,12,12,14,14,12,-7,-10,0,18,18,25,17,20,21,23,20,26,27,29,27,29,12,21,20,4,0,0,0,0,0,0,0,0,0,0,0,0,0,0,0]} 1. e4 e5 2. Nf3 Nc6 3. d4 exd4 4. Nxd4 Bc5 5. Nxc6 Qf6 6. Qf3 dxc6 7. Nc3 {C45: Scotch Game} Be6 8. Qg3 O-O-O 9. Be3 Bxe3 10. Qxe3 Kb8 {LiveBook: 7 Games} 11. Bd3 (11. f4 Qe7 12. Bd3 Nh6 13. O-O-O f6 14. g3 Nf7 {½-½ (29) Nepomniachtchi,I (2766)-Carlsen,M (2851) Leuven 2017}) 11... Qh6 12. f4 Ne7 {[%cal Bg8e7,Be7d5,Bd5b4][%mdl 32]} 13. O-O-O Rhe8 14. Rde1 $146 ({Predecessor:} 14. Kb1 Bg4 {0-1 (43) Kuzmin,E (2281)-Khusenkhojaev,M (2440) St Petersburg 2016}) 14... Bc8 15. Qf2 f5 16. g3 fxe4 17. Rxe4 {[#] Threatens to win with Rhe1.} Nd5 18. Rhe1 Rxe4 19. Nxe4 Nb4 20. Bc4 $1 Be6 21. Qc5 Bxc4 $1 22. Qxc4 Nd5 {The position is equal.} 23. Qe2 Re8 24. c4 a5 25. cxd5 cxd5 26. Qb5 $1 {[%cal Rb5e8]} c6 27. Qxa5 dxe4 28. Rxe4 Rxe4 29. Qd8+ Ka7 30. Qa5+ Kb8 31. Qd8+ {Precision: White = 73%, Black = 74%.} 1/2-1/2

[Event "3rd Kolkata GM Open 2018"]
[Site "Kolkata"]
[Date "2018.05.18"]
[Round "5"]
[White "Suvrajit, Saha"]
[Black "Neelotpal, Das"]
[Result "0-1"]
[WhiteElo "2217"]
[BlackElo "2452"]
[Annotator "TA"]
[PlyCount "91"]
[EventDate "2018.??.??"]
[EventType "swiss"]
[EventCountry "IND"]
[SourceTitle "playchess.com"]
[Source "ChessBase"]
[SourceQuality "1"]

{[%evp 15,91,-5,-3,-27,-27,-19,-16,2,-3,-20,0,-60,0,0,-6,-14,-20,-33,0,10,0,-91,-129,-143,-136,-422,-411,-401,-249,-241,-258,-226,-235,-239,-250,-522,-287,-283,-227,-272,-285,-246,-209,-206,-213,-339,-292,-315,-265,-702,-717,-764,-789,-788,-793,-751,-656,-750,-731,-912,-910,-910,-861,-975,-956,-1243,-1233,-1156,-1069,-5026,-5026,-29985,-29986,-29986,-29987,-29987,-29988,-29988]} 1. d4 Nf6 2. Nf3 g6 3. c4 Bg7 4. Nc3 d5 5. e3 O-O 6. b4 c6 7. Bb2 Bg4 8. h3 {D94: Grünfeld: 4 Nf3 Bg7 5 e3} Bxf3 {LiveBook: 19 Games} 9. gxf3 Nbd7 10. f4 {Black has an edge.} e6 (10... a5 11. b5 a4 12. Rc1 Qa5 13. Qd2 dxc4 14. bxc6 bxc6 15. Bxc4 c5 {½-½ (50) Kamsky,G (2763)-Gelfand,B (2773) Beijing 2013}) 11. c5 b6 12. Bd3 Rb8 {And now ...bxc5 would win.} 13. Qd2 $146 (13. Rb1 $11) ({Predecessor:} 13. Rb1 Nh5 14. cxb6 axb6 15. Be2 Nhf6 {0-1 (57) Giampa,A (2219)-Mahia,G (2377) Buenos Aires 2013}) 13... bxc5 ({Better is} 13... a5 $15 14. a3 bxc5 15. bxc5 Ne4 $1 {[%mdl 512]} 16. Bxe4 (16. Nxe4 dxe4 17. Bxe4 Nxc5 $17) 16... dxe4 17. Nxe4 f5) 14. bxc5 $11 Nh5 15. Nd1 Qh4 16. Bc3 f6 17. Qe2 {Hoping for Qg4.} f5 18. Kd2 (18. Rb1 $11) 18... g5 $1 $17 19. fxg5 {[#]} e5 $1 {[%cal Re5d4]} 20. Rg1 $2 {[%mdl 8192]} (20. dxe5 $17 Bxe5 21. Rc1) 20... exd4 $19 21. exd4 Bxd4 22. Qe6+ Rf7 23. g6 {[#]} hxg6 $1 ({And not} 23... Bxc3+ 24. Nxc3 hxg6 25. Rxg6+ Kf8 26. Rag1 $14) 24. Qxg6+ Ng7 25. Qxc6 $2 (25. Qg3 Bxc3+ 26. Nxc3 Rb2+ 27. Kc1 Qxg3 28. fxg3) 25... Bxc3+ 26. Kxc3 Qb4+ 27. Kc2 Qd4 ({Not} 27... Qxc5+ 28. Qxc5 Nxc5 29. Ne3 $11) (27... Nxc5 28. Qxd5 Qa4+ 29. Kd2 $17) 28. Nc3 {[#]} Qxd3+ $1 {[%mdl 512]} 29. Kxd3 Ne5+ 30. Kd4 (30. Ke2 {might work better.} Rb2+ 31. Kf1 Nxc6 32. Nxd5) 30... Nxc6+ 31. Kxd5 Rf6 {( -> ...Rb4)} 32. Rae1 $2 (32. Rab1 Rd8+ 33. Kc4) 32... Rb4 {[%csl Gc6][%cal Rb4d4]} 33. Re6 Rd4+ 34. Kxc6 Rxe6+ 35. Kb5 a6+ 36. Ka5 Rc4 37. Na4 Re2 38. a3 Rxf2 39. Rb1 Ne6 40. Rb8+ Kf7 41. Rb7+ Kf6 {aiming for ...Rxa4+!} 42. Rb6 Ra2 43. Rxa6 Rxa3 {Black mates.} 44. Kb5 {[#]} Rcxa4 $1 45. Rxa4 Rxa4 46. Kxa4 {Precision: White = 23%, Black = 54%.} 0-1

[Event "3rd Kolkata GM Open 2018"]
[Site "Kolkata"]
[Date "2018.05.18"]
[Round "5"]
[White "Nguyen, Phuoc Tam"]
[Black "Das, Sayantan"]
[Result "0-1"]
[WhiteElo "2210"]
[BlackElo "2437"]
[Annotator "TA"]
[PlyCount "94"]
[EventDate "2018.??.??"]
[EventType "swiss"]
[EventCountry "IND"]
[SourceTitle "playchess.com"]
[Source "ChessBase"]
[SourceQuality "1"]

{[%evp 21,94,0,-14,-79,-83,-152,-141,-158,-150,-143,-124,-139,-138,-131,-133,-168,-89,-200,-196,-216,-207,-262,-235,-335,-295,-326,-335,-341,-335,-341,-277,-265,-239,-258,-262,-264,-240,-540,-535,-548,-550,-685,-653,-706,-700,-684,-668,-639,-519,-463,-454,-492,-501,-690,-98,-100,-97,-116,0,-850,-612,-589,-582,-582,-551,-847,-846,-764,-746,-1452,-1231,-2808,-2368,-29987,-29987]} 1. Nf3 d5 2. g3 c6 3. Bg2 Nf6 4. O-O Bf5 5. d3 e6 6. Nbd2 Be7 7. b3 h6 8. Bb2 O-O 9. Re1 a5 {[%cal Ba7a5,Ba5a4][%mdl 32]} 10. e4 Bh7 11. e5 {A07: Réti Opening: New York and Capablanca Systems} (11. a3 Na6 12. Qe2 Rc8 13. Ne5 Nc5 14. Rad1 Nfd7 15. Ng4 Nf6 16. h3 b5 17. Kh2 Nxg4+ 18. hxg4 dxe4 19. Nxe4 {½-½ (47) Sasikiran,K (2682)-Tomashevsky,E (2745) Tsaghkadzor 2015}) 11... Nfd7 {LiveBook: 3 Games} 12. Nf1 (12. a4 $11) 12... a4 $17 13. g4 $146 (13. Qe2 $142) ({Predecessor:} 13. Nd4 axb3 14. axb3 Rxa1 15. Bxa1 Qa5 16. Ne2 Bb4 17. c3 Be7 18. Nf4 Na6 {0-1 (49) Ahman,E-Ek,H Sundsvall 1969}) 13... c5 14. Ng3 Nc6 15. Qe2 Bg6 16. Bc3 b5 17. Bd2 Qc7 18. Bf4 Nd4 (18... Ra6 $19 19. h4 Rfa8) 19. Qd1 (19. Nxd4 $17 cxd4 20. Qd2) 19... axb3 $19 20. cxb3 Nxf3+ 21. Bxf3 Ra3 22. Qc1 (22. Bc1 $142 Ra5 23. Bd2) 22... Qa7 23. g5 hxg5 (23... Rxa2 24. gxh6 gxh6 25. Rxa2 $19) 24. Bxg5 Bxg5 25. Qxg5 Rxa2 (25... Bxd3 $2 26. Be2 $19) 26. Rxa2 Qxa2 27. h4 Qa5 (27... Qxb3 28. Kg2) 28. Re3 Qd8 {And now ...Qxg5 would win.} 29. Qg4 $2 (29. Qf4) 29... d4 {[%cal Bd5d4,Bd4d3][%mdl 32]} 30. Re1 Qa5 31. Re2 Bxd3 32. Nh5 {[%csl Gh5][%cal Rg4g7]} Bg6 33. Kg2 d3 34. Re3 Qc3 35. Qg5 Bxh5 36. Qxh5 {If White can now play Be4 this consolidates a bit.} c4 (36... g6 $2 37. Qg5 $19) 37. Bc6 Nc5 $2 (37... Qd4 $19 38. bxc4 bxc4 39. Bxd7 Qd5+ 40. Rf3 Qxd7) 38. Rg3 $17 Qd2 ({Inferior is} 38... Nxb3 39. Be4 Re8 40. Rf3 g6 41. Bxg6 $1 {[%mdl 512]} fxg6 42. Qxg6+ Kh8 43. Rf7 Qxe5 44. Qh7#) (38... Qxb3 39. Qh6 $18) (38... cxb3 $6 39. Qg5 $11) 39. b4 Rc8 ({But not} 39... Qxb4 $2 40. Qh6 $18) (39... c3 $17 40. bxc5 Qf4 41. Bxb5 g6) 40. Bf3 $2 {[%mdl 8192]} (40. bxc5 $11 Rxc6 41. Qf3) 40... Nd7 {White must now prevent ...Qf4.} (40... Qxb4 41. Qh6 g6 42. h5 Qd2 43. Qxd2 Nb7 44. hxg6 Kf8 45. gxf7) 41. Bb7 Rb8 42. Be4 {[#] Black should prevent Qh7+.} Nf8 $1 43. Re3 Rd8 44. Qg5 Rd4 45. Qf4 Ng6 46. Qg3 Qd1 47. h5 Qxh5 {Precision: White = 31%, Black = 70%.} 0-1

[Event "3rd Kolkata GM Open 2018"]
[Site "Kolkata"]
[Date "2018.05.19"]
[Round "6"]
[White "Short, Nigel D"]
[Black "Tran, Tuan Minh"]
[Result "1-0"]
[WhiteElo "2656"]
[BlackElo "2512"]
[Annotator "TA"]
[PlyCount "95"]
[EventDate "2018.??.??"]
[EventType "swiss"]
[EventCountry "IND"]
[SourceTitle "playchess.com"]
[Source "ChessBase"]
[SourceQuality "1"]

{[%evp 15,95,6,10,7,17,0,12,14,20,13,13,0,0,0,0,-6,-3,-6,-6,-10,0,0,0,0,0,0,0,-6,0,0,0,0,0,0,0,-8,0,-9,0,0,0,-4,0,0,0,0,0,0,0,0,0,0,0,0,0,0,0,0,56,13,258,246,279,268,268,260,258,251,258,264,679,693,685,678,674,679,642,646,603,600,700,672]} 1. d4 Nf6 {[%cal Bg8f6,Bf6e4,Be4d2][%mdl 32]} 2. c4 e6 3. Nc3 Bb4 4. e3 b6 5. Nge2 Ne4 6. Bd2 Nxd2 7. Qxd2 O-O 8. a3 Be7 {LiveBook: 63 Games} 9. Rd1 $146 {E44: Nimzo-Indian: Rubinstein: 4...b6 5 Ne2} ({Predecessor:} 9. d5 exd5 10. cxd5 c5 11. d6 Bf6 12. Nd5 Nc6 13. Rd1 Bb7 14. Nec3 Be5 15. Nc7 Rc8 16. Ba6 Na5 17. Bxb7 Nxb7 {0-1 (50) Kozionov,K (2437)-Rozum,I (2599) Voronezh 2017}) 9... a5 10. Qc2 Bb7 11. d5 {The position is equal.} Na6 12. Nd4 Nc5 13. Be2 a4 14. Bf3 Qc8 15. O-O g6 16. dxe6 fxe6 17. Ne4 Bf6 18. Nxf6+ Rxf6 19. Bxb7 Qxb7 20. f3 Raf8 21. Nb5 Qc6 22. Nc3 Rf5 23. Rd4 R8f7 24. Rg4 d6 25. Qe2 Nd7 26. Rd4 Nc5 27. Rfd1 {[%cal Bf1d1,Bd1d4,Bd4g4,Bg4g5,Bg5f5][%mdl 32]} Re5 28. Rg4 Nb3 29. h4 Nc5 30. Rdd4 Qe8 31. Rg3 Kf8 32. Rdg4 Qe7 33. Rg5 Ref5 34. Qd1 Qd7 35. Qd4 e5 36. Qd5 e4 ({Better is} 36... Kg7 $11) 37. Qd4 {[#] Strongly threatening Qh8+.} exf3 $2 (37... Kg8 $1 $11 {and Black stays safe.}) 38. Rxf5 $18 Qxf5 39. Qh8+ ({Stronger than} 39. Rxf3 Qe5 $11) 39... Ke7 {Hoping for ...f2+.} 40. Rxf3 Qe6 41. Nd5+ Kd7 {[#]} 42. Qb8 $1 {[%cal Rb8c7]} Na6 $2 (42... Rxf3 43. Qxc7+ Ke8 44. gxf3 h5) 43. Rxf7+ {White is clearly winning.} Qxf7 44. Qb7 Nc5 45. Qxc7+ Ke6 {intending ...Qxc7.} 46. Nf4+ Kf6 47. Qxd6+ Kg7 48. Qxb6 {Precision: White = 76%, Black = 49%.} 1-0

[Event "3rd Kolkata GM Open 2018"]
[Site "Kolkata"]
[Date "2018.05.19"]
[Round "6"]
[White "Karthikeyan, Murali"]
[Black "Saravana, Krishnan P."]
[Result "1-0"]
[WhiteElo "2617"]
[BlackElo "2360"]
[Annotator "TA"]
[PlyCount "93"]
[EventDate "2018.??.??"]
[EventType "swiss"]
[EventCountry "IND"]
[SourceTitle "playchess.com"]
[Source "ChessBase"]
[SourceQuality "1"]

{[%evp 19,93,14,20,0,0,-12,-12,-18,0,-31,-33,-28,-4,-45,-11,-2,-2,-23,12,11,10,-62,0,-30,53,62,79,66,64,79,121,117,112,101,142,117,111,104,228,227,280,189,306,300,304,291,295,299,266,281,592,582,511,449,440,420,437,363,806,775,709,773,2737,1036,933,756,739,342,955,413,398,392,386,369,636,640]} 1. e4 e6 2. d4 d5 3. Nc3 Bb4 4. e5 c5 5. a3 Ba5 6. b4 cxd4 7. Nb5 Bc7 8. f4 Bd7 9. Nxc7+ Qxc7 10. Bd3 {C18: Französische Verteidigung (Nimzowitsch-Variante)} (10. Nf3 Ba4 11. Ra2 Ne7 12. Nxd4 a6 13. Be3 Nbc6 14. Bd3 Nxd4 15. Bxd4 Bb5 16. O-O Nf5 17. Bf2 h5 {0-1 (46) Anand,V (2776)-Mamedyarov,S (2809) Moscow 2018}) 10... Ne7 {LiveBook: 15 Partien} 11. Bd2 Ba4 12. Qg4 $146 {Die Stellung ist ausgeglichen.} ({Vorgänger:} 12. Nf3 Qb6 13. O-O O-O 14. Bxh7+ Kxh7 15. Ng5+ Kg6 16. Qg4 Nf5 17. Nxe6+ Kh7 18. Nxf8+ {1-0 (25) Roos,B (2020)-Koenigsberger,C (2180) Remote email 2014}) 12... g6 13. Nf3 Nf5 14. Qg5 h6 15. Qf6 Rh7 {Und ...Sd7 würde nun gewinnen.} 16. Bxf5 $1 Nd7 17. Qh4 {Und weiter mit Ld3 wäre nett.} gxf5 18. O-O Qd8 (18... Qxc2 $6 19. Rac1 $16) 19. Qh5 Qb6 20. Rf2 ({Besser ist} 20. Be1 $11) 20... O-O-O (20... Bxc2 21. Ng5 $1 $16 {[%mdl 512]}) (20... Nf8 $15) 21. Rc1 (21. Ng5 $5 {[%cal Rg5h7]} Rg7 22. Nxf7 $11) 21... f6 (21... Rdh8 $11) 22. c4 $1 $14 {[%cal Rc4d5]} dxc4 23. Rxc4+ Kb8 $1 24. Rxd4 fxe5 25. fxe5 Nf8 26. Be3 {[%cal Bd2e3,Be3d4,Bd4c5,Bc5d6][%mdl 32]} Rxd4 27. Bxd4 Qd8 28. Bc5 Bc6 (28... Be8 $16 {war einen Versuch wert.} 29. Rd2 Nd7) 29. Rd2 $18 Bd5 30. Nd4 $40 {[%mdl 128] Weiss hat starken Angriff.} Nd7 {[#]} (30... a6 {ist wohl besser.} 31. Nxe6 Nxe6 32. Bd6+ (32. Qxf5 Rd7 $11) 32... Ka8 33. Rxd5 Nf4 34. Qxf5 Qg8 35. Qxf4 (35. Rd2 Rf7 $11) 35... Qxd5) 31. Bd6+ $1 ({Minderwertig wäre} 31. Qg6 Nxc5 32. Qxh7 Qg5 $11) 31... Ka8 32. Qg6 Rh8 33. Nxe6 Qb6+ 34. Kh1 Rc8 $2 {[#]} (34... Bxe6 35. Qxe6 Qc6) 35. Rc2 $1 {[%cal Rc2c8][%mdl 512]} Bc6 (35... Rxc2 36. Qg8+) 36. Qxh6 a6 37. Qd2 Qb5 {[%cal Rb5f1]} 38. Kg1 Qa4 $2 (38... Qb6+ 39. Qf2 Qxf2+ 40. Kxf2 Rg8) 39. Nc7+ Ka7 40. e6 Nb8 41. e7 (41. Nd5 $142 Qb3 42. Qd4+ b6 43. Bxb8+ Kxb8 44. Qxb6+ Ka8 45. Qc5) 41... b6 {[#]} 42. b5 $1 Bd7 (42... axb5 43. Ne6) 43. bxa6 (43. Rc1 $142) 43... Qe4 $2 {[#]} (43... Nxa6 44. h4 Nxc7) 44. e8=Q (44. Nb5+ $142 $1 {[%mdl 512]} Bxb5 45. Rxc8 Nxa6 46. h3) 44... Bxe8 45. Nb5+ Bxb5 46. Rxc8 Nxa6 $2 (46... Nc6 47. h3 Kxa6 48. Ra8+ Kb7) 47. Rc1 {Precision: Weiß = 56%, Schwarz = 33%.} 1-0

[Event "3rd Kolkata GM Open 2018"]
[Site "Kolkata"]
[Date "2018.05.19"]
[Round "6"]
[White "Sandipan, Chanda"]
[Black "Laxman, R.R."]
[Result "0-1"]
[WhiteElo "2573"]
[BlackElo "2444"]
[Annotator "TA"]
[PlyCount "84"]
[EventDate "2018.??.??"]
[EventType "swiss"]
[EventCountry "IND"]
[SourceTitle "playchess.com"]
[Source "ChessBase"]
[SourceQuality "1"]

{[%evp 20,84,32,30,40,39,36,42,58,0,77,45,42,44,41,40,47,47,75,48,87,87,89,90,86,66,72,62,72,66,98,91,95,104,100,91,128,107,94,121,114,76,80,43,43,11,14,14,32,13,20,12,20,20,20,11,221,199,207,189,266,205,1766,1546,2046,1842,29988]} 1. d4 Nf6 2. c4 e6 3. Nc3 Bb4 4. e3 d5 5. Bd2 O-O 6. Nf3 b6 7. cxd5 exd5 8. Rc1 {E51: Nimzoindisch (Moderne Variante)} (8. Bd3 Bb7 9. O-O Nbd7 10. Ne5 Bd6 11. f4 c5 12. Be1 cxd4 13. exd4 Ne4 14. Nb5 Be7 15. Rc1 a6 16. Rc7 Nxe5 17. fxe5 Bc8 {0-1 (43) Esipenko,A (2564)-Yu,Y (2751) Riadh 2017}) 8... Bb7 9. Bd3 a6 10. O-O Nbd7 11. Ne5 {LiveBook: 27 Partien} Nxe5 12. dxe5 Bxc3 13. Bxc3 Ne4 {[#]} 14. b4 $146 ({Besser ist} 14. Be1 $14) ({Vorgänger:} 14. f4 Nxc3 15. bxc3 Qe7 16. Rf3 g6 17. Rg3 Kh8 18. Qd2 {½-½ (51) Epishin,V (2572)-Mikhailov,V (2343) St Petersburg 2013}) 14... c5 (14... Nxc3 $11 15. Rxc3 c6) 15. Bxe4 dxe4 16. bxc5 {Dxd8 ist eine echte Drohung.} bxc5 17. Qd6 Bd5 18. Ba5 Qxa5 19. Qxd5 Rac8 20. e6 fxe6 21. Qxe6+ Kh8 22. Qxe4 (22. Rc2 {with more complications.} Rfe8 23. Qc4 Qb6 24. h3 Re5 25. Rd1) 22... Qxa2 23. Qc4 Qxc4 24. Rxc4 $14 {[%mdl 4096] Endspiel KTT-KTT} Rfd8 25. Rfc1 Rc6 26. f4 {[%cal Bf2f4,Bf4f5][%mdl 32]} Rdc8 27. Kf2 Kg8 28. Kf3 Kf7 29. e4 Ke6 30. Rd1 Rd6 31. f5+ (31. Rb1 {feels hotter.} Rc7 32. e5 Rd3+ 33. Ke4 Rd2 34. Rb6+) 31... Ke5 32. Rxd6 (32. Rdc1 {is more complex.} Rd3+ 33. Kg4 Rd4 34. Rxc5+ Rxc5 35. Rxc5+ Kd6 36. Ra5) 32... Kxd6 {KT-KT} 33. Kf4 a5 34. g4 Ra8 35. Ra4 c4 36. Rxc4 a4 37. e5+ {[%cal Be4e5,Be5e6,Be6e7][%mdl 32]} Kd5 $2 {[#]} (37... Ke7 $1 $11) 38. Rc1 $1 $18 {[%cal Rc1d1]} a3 {Droht ...Ta4+ und aus.} 39. Rd1+ Kc5 (39... Kc6 {war nötig.}) 40. e6 Ra4+ $2 (40... a2 41. e7 Re8) 41. Ke5 a2 42. e7 Rd4 {[%mdl 32768] Precision: Weiß = 68%, Schwarz = 48%. . Loss on Time!?} 0-1

[Event "3rd Kolkata GM Open 2018"]
[Site "Kolkata"]
[Date "2018.05.19"]
[Round "6"]
[White "Sengupta, Deep"]
[Black "Rahman, Ziaur"]
[Result "1-0"]
[WhiteElo "2563"]
[BlackElo "2495"]
[Annotator "TA"]
[PlyCount "105"]
[EventDate "2018.??.??"]
[EventType "swiss"]
[EventCountry "IND"]
[SourceTitle "playchess.com"]
[Source "ChessBase"]
[SourceQuality "1"]

{[%evp 18,105,44,39,48,7,24,18,22,6,22,15,16,8,17,0,20,19,20,8,21,12,44,47,15,10,12,25,19,3,0,1,20,-8,-8,-8,-12,-21,0,-41,-41,-48,99,94,119,32,36,31,28,12,22,7,59,58,47,46,74,62,129,132,127,73,68,79,79,65,97,88,129,108,119,123,139,142,158,158,170,159,226,191,416,401,401,400,391,391,470,470,471,456]} 1. e4 g6 2. d4 Bg7 3. Nf3 d6 4. Nc3 Nf6 5. Be2 O-O 6. O-O c6 7. a4 Qc7 8. Be3 e5 {B08: Pirc Defence: Classical System} 9. dxe5 dxe5 10. h3 {LiveBook: 47 Games} Qe7 {White is slightly better.} 11. Nd2 Rd8 12. Qc1 b6 $146 ({Predecessor:} 12... Nbd7 13. Nb3 b6 14. Rd1 Ne8 15. a5 b5 16. Na2 Nef6 17. c4 b4 {1-0 (53) Schroeder,J (2367)-Narciso Dublan,M (2515) Barcelona 2014}) 13. Rd1 Na6 14. Nb3 Rxd1+ 15. Qxd1 Bb7 16. Bf3 Nd7 17. a5 b5 18. Qd2 Nf8 19. Rd1 Bf6 20. Na2 c5 {[%cal Bc6c5,Bc5c4][%mdl 32]} 21. Nc3 c4 $1 {[%cal Rc4b3]} 22. Nc1 {[%cal Bb3c1,Bc1a2,Ba2b4,Bb4a6][%mdl 32]} ({Much weaker is} 22. Nd5 Bxd5 23. Qxd5 Nc7 $15) 22... Nc7 $1 23. N1a2 a6 24. Bb6 Re8 25. Qd6 Na8 $1 26. Bc5 Qxd6 27. Bxd6 ({Don't play} 27. Rxd6 Be7 $17) 27... Bd8 28. Nb4 Bxa5 29. Ncd5 {Hoping for Nf6+.} Kg7 {[#]} (29... Bd8 $15 {keeps the upper hand.}) 30. Nxa6 $1 $16 Nd7 31. Nab4 ({White should play} 31. Bg4 $16 Nf8 32. Nc5 Bxd5 33. exd5) 31... Re6 $1 $14 {[%cal Re6d6]} 32. Nc3 Nf6 {...Rxd6! is the strong threat.} 33. Bc5 Nc7 34. Ra1 Bxb4 ({Better is} 34... Bb6 $11 35. Bxb6 Rxb6) 35. Bxb4 Na6 36. Ba5 $36 {[%mdl 2048] White is more active.} b4 37. Nd5 b3 (37... Nxd5 $14 38. exd5 Rd6) 38. cxb3 $16 cxb3 {[#]} 39. Nxf6 (39. Bc3 $142 $1) 39... Kxf6 40. Bd8+ Kg7 41. Ra5 Re8 42. Bg5 Nc7 43. Bd2 Ba6 44. Rc5 Ne6 45. Rxe5 Rc8 46. Rd5 Kg8 47. Rd6 Rc2 (47... Bc4 $16 48. Be3 h5) 48. Bc3 Rxc3 $2 (48... Be2 49. Rb6 Kf8 50. Rxb3 Bxf3) 49. bxc3 $18 Nc5 50. Bd1 Bc4 51. Rb6 Kg7 52. f3 Na4 53. Rb4 {Precision: White = 67%, Black = 35%.} 1-0

[Event "3rd Kolkata GM Open 2018"]
[Site "Kolkata"]
[Date "2018.05.19"]
[Round "6"]
[White "Vishnu Prasanna. V"]
[Black "Rajdeep Sarkar"]
[Result "1/2-1/2"]
[WhiteElo "2532"]
[BlackElo "2355"]
[Annotator "TA"]
[PlyCount "43"]
[EventDate "2018.??.??"]
[EventType "swiss"]
[EventCountry "IND"]
[SourceTitle "playchess.com"]
[Source "ChessBase"]
[SourceQuality "1"]

{[%evp 17,43,44,87,38,47,30,39,42,32,20,20,25,15,21,26,42,52,34,37,31,31,18,22,-44,62,-30,1573,-16]} 1. g3 d5 2. Nf3 Nf6 3. Bg2 c5 4. c4 e6 5. O-O Nc6 6. cxd5 Nxd5 7. d4 Be7 8. dxc5 Bxc5 9. Qc2 Bb6 {LiveBook: 6 Partien. E06: Katalanisch} (9... Qe7 10. Nc3 Nxc3 11. Qxc3 O-O 12. Bf4 f6 13. Rac1 Bb6 14. Be3 Bxe3 15. Qxe3 e5 16. Nd2 Nd4 17. Nb3 Nxb3 18. Qxb3+ Be6 19. Qa4 Rfd8 {½-½ (47) Ponomariov,R (2699)-Lu,S (2638) Danzhou 2017}) 10. Nc3 Nxc3 $146 ({Vorgänger:} 10... Qe7 11. Nxd5 exd5 12. b3 O-O 13. Bb2 Bg4 14. e3 Rad8 15. Rfe1 Rfe8 16. h3 Bh5 17. Bc3 {0-1 (62) Calotescu,A (2334)-Schlosser,P (2534) Cappelle-la-Grande 2003}) 11. bxc3 {zielt auf La3 ab.} Qe7 {Weiß hat minimalen Vorteil.} 12. a4 O-O 13. Ba3 Bc5 14. Bxc5 Qxc5 15. Rfb1 a6 16. Nd2 Rb8 17. c4 $36 {[%mdl 2048] Weiss hat Initiative.} b5 18. axb5 axb5 19. Nb3 Qxc4 20. Qa2 (20. Qb2 $11 Ne7 21. Qe5) 20... Ne7 (20... Nd4 $1 $15 21. Nxd4 Qxd4) 21. Na5 ({Lieber} 21. Qa7 $14 Nc6 22. Qe3 (22. Bxc6 Qxc6 23. f3 Qd6 $15)) 21... Qc2 $2 {[%mdl 8192] [#]} (21... Qxa2 $11 22. Rxa2 Rd8) 22. Rd1 $2 {Precision: Weiß = 36%, Schwarz = 42%.} (22. Qxc2 $18 Nd5 23. Nc6) 1/2-1/2